Computational intelligence in decision and control : (Record no. 25915)
[ view plain ]
| 000 -LEADER | |
|---|---|
| fixed length control field | 01469cam a22003497a 4500 |
| 005 - DATE AND TIME OF LATEST TRANSACTION | |
| control field | 20230712093425.0 |
| 008 - FIXED-LENGTH DATA ELEMENTS--GENERAL INFORMATION | |
| fixed length control field | 090206s2008 si a b 101 0 eng d |
| 010 ## - LIBRARY OF CONGRESS CONTROL NUMBER | |
| LC control number | 2009285460 |
| 020 ## - INTERNATIONAL STANDARD BOOK NUMBER | |
| ISBN | 9789812799463 (hbk.) |
| 020 ## - INTERNATIONAL STANDARD BOOK NUMBER | |
| ISBN | 981279946X (hbk.) |
| 035 ## - SYSTEM CONTROL NUMBER | |
| System control number | (OCoLC)ocn225820484 |
| 040 ## - CATALOGING SOURCE | |
| Original cataloging agency | YDXCP |
| Transcribing agency | YDXCP |
| Modifying agency | BTCTA |
| -- | BAKER |
| -- | BWX |
| -- | EMU |
| -- | TXA |
| -- | DLC |
| 042 ## - AUTHENTICATION CODE | |
| Authentication code | lccopycat |
| 050 00 - LIBRARY OF CONGRESS CALL NUMBER | |
| Classification number | Q342 |
| Item number | .I57 2008 |
| 082 ## - DEWEY DECIMAL CLASSIFICATION NUMBER | |
| Classification number | 005.4 |
| Item number | RAU-C |
| 100 ## - MAIN ENTRY--AUTHOR | |
| Author Name | Raun,Da |
| 245 10 - TITLE STATEMENT | |
| Title | Computational intelligence in decision and control : |
| Remainder of title | proceedings of the 8th International FLINS Conference, Madrid, Spain, 21-24 September 2008 / |
| Statement of responsibility, etc. | editors, Da Ruan ... [et al.]. |
| 260 ## - PUBLICATION, DISTRIBUTION, ETC. | |
| Place of Publication | Singapore ; |
| -- | Hackensack, NJ : |
| Name of publisher, distributor, etc. | World Scientific, |
| Date of publication, distribution, etc. | c2008. |
| 300 ## - PHYSICAL DESCRIPTION | |
| Pages | xxvi, 1173 p. : |
| 490 1# - SERIES STATEMENT | |
| Series Statement | World Scientific proceedings series on computer engineering and information science : |
| Volume | v. 1 |
| 504 ## - BIBLIOGRAPHY, ETC. NOTE | |
| Bibliography, etc. note | Includes bibliographical references and index. |
| 650 #0 - SUBJECT ADDED ENTRY--TOPICAL TERM | |
| Subject / Department | Computational intelligence |
| Form subdivision | Congresses. |
| 650 #0 - SUBJECT ADDED ENTRY--TOPICAL TERM | |
| Subject / Department | Decision support systems |
| Form subdivision | Congresses. |
| 650 #0 - SUBJECT ADDED ENTRY--TOPICAL TERM | |
| Subject / Department | Intelligent control systems |
| Form subdivision | Congresses. |
| 650 #0 - SUBJECT ADDED ENTRY--TOPICAL TERM | |
| Subject / Department | Fuzzy logic |
| Form subdivision | Congresses. |
| 700 1# - ADDED ENTRY--PERSONAL NAME | |
| Personal name | Ruan, Da. |
| 246 30 - VARYING FORM OF TITLE | |
| Title proper/short title | FLINS Conference |
| 246 3# - VARYING FORM OF TITLE | |
| Title proper/short title | Fuzzy logic and intelligent technologies in nuclear science conference |
| 300 ## - PHYSICAL DESCRIPTION | |
| -- | ill. ; |
| -- | 24 cm. |
| 906 ## - LOCAL DATA ELEMENT F, LDF (RLIN) | |
| a | 7 |
| b | cbc |
| c | copycat |
| d | 2 |
| e | ncip |
| f | 20 |
| g | y-gencatlg |
| 952 ## - LOCATION AND ITEM INFORMATION (KOHA) | |
| -- | 0 |
| -- | 0 |
| Lost status | Damaged status | Permanent Location | Current Location | Shelving Location | Date acquired | Full Call Number | Accession No./Barcode | Date last seen | item type |
|---|---|---|---|---|---|---|---|---|---|
| Superior Information Resource Center (SIRC) Superior University- Gold Campus | Superior Information Resource Center (SIRC) Superior University- Gold Campus | Robotics | 07/12/2023 | 005.4 RAU-C 2008 | 19417 | 07/12/2023 | BOOK |
